000 00522nam a2200145 a 4500
008 120416s2001 ||||||||||||||||| || u
020 _a0340697210
050 _aHF 5635 Tru
100 _aTruman, Mike
245 1 0 _aBook-keeping and accounting: for your small business
260 _aLondon
_bHodder and Stoughton
_c2001
300 _a168p. : ill.
350 _a0.00
995 _D0.00
_FCBU-MAIN LIBRARY (Kitwe)
_H1
_I8.99
_M1
_UAVAILABLE
_ZMain Library Open Access Collection
999 _c36021
_d36021